[Event "Tournament 14472 - Europe Echecs"]
[Site "Europe Echecs"]
[Date "2020.07.10"]
[Round "1"]
[Time "14:05:03"]
[PlyCount "97"]
[White "PigourierAdrie"]
[Black "SansoneAdam"]
[WhiteElo "1260"]
[BlackElo "1776"]
[Mode "WEB"]
[Result "0-1"]

1. e4 c5 2. Nf3 d6 3. Bc4 Nc6 4. d3 g6 5. Nc3 Bg7 6. O-O e6 7. Bd2 Nge7 8. Qe2
O-O 9. Rad1 Na5 10. Rfe1 Nxc4 11. dxc4 Nc6 12. Nb5 a6 13. Nc3 Qe7 14. h3 Rb8 15.
b3 Nb4 16. Rc1 Bxc3 17. Bxc3 Nxa2 18. Bb2 Nxc1 19. Bxc1 b5 20. Be3 bxc4 21. Qxc4
Rb4 22. Qc3 f6 23. e5 fxe5 24. Nxe5 Qf6 25. Bh6 Qxf2+ 26. Kh2 dxe5 27. Bxf8 Kxf8
28. Qxe5 Qf4+ 29. Qxf4+ Rxf4 30. g3 Rf2+ 31. Kg1 Rxc2 32. Rf1+ Ke7 33. Re1 Bb7
34. Kf1 Rg2 35. g4 Rh2 36. Re3 Rh1+ 37. Kf2 h6 38. Kg3 Kd6 39. Rd3+ Bd5 40. Kh4
e5 41. g5 h5 42. Rd2 e4 43. Re2 Ke5 44. Re3 Kd4 45. Rg3 e3 46. Rxe3 Kxe3 47. b4
Be6 48. bxc5 Rxh3# {PigourierAdrie est échec et mat} 0-1

[Event "Tournament 14472 - Europe Echecs"]
[Site "Europe Echecs"]
[Date "2020.07.10"]
[Round "1"]
[Time "14:05:03"]
[PlyCount "104"]
[White "AllardNedellecG"]
[Black "BaderPaul"]
[WhiteElo "1768"]
[BlackElo "1243"]
[Mode "WEB"]
[Result "1-0"]

1. e4 e5 2. Nf3 d6 3. Nc3 Bg4 4. Bc4 Nc6 5. O-O Nf6 6. Re1 Be7 7. a3 a6 8. h3
Bh5 9. d3 Nd4 10. g4 Nxf3+ 11. Qxf3 Bg6 12. Be3 h6 13. Kg2 Nh7 14. Rad1 O-O 15.
d4 exd4 16. Bxd4 Ng5 17. Qe2 Bf6 18. Bxf6 Qxf6 19. f3 Ne6 20. Bxe6 fxe6 21. Rd2
e5 22. Nd5 Qf7 23. Qe3 c6 24. Nb6 Rad8 25. c4 c5 26. a4 Qc7 27. a5 Kh8 28. b3
Qf7 29. Red1 Qf6 30. Rd3 Bh7 31. Nd5 Qf7 32. Qf2 Bg6 33. h4 Bh7 34. R1d2 Qe6 35.
Qg3 Qf7 36. Nb6 Qe7 37. g5 hxg5 38. hxg5 g6 39. Rd1 Rf7 40. Rh1 Rg8 41. Nd5 Qd7
42. Nf6 Qe7 43. Nxg8 Kxg8 44. Rh6 Qc7 45. Qg4 Re7 46. Rh1 Qd8 47. Rhd1 Qxa5 48.
Rxd6 Qa2+ 49. R1d2 Qxb3 50. Qc8+ Kf7 51. Rf6+ Kg7 52. Qf8# {BaderPaul est échec et mat} 1-0

[Event "Tournament 14472 - Europe Echecs"]
[Site "Europe Echecs"]
[Date "2020.07.10"]
[Round "1"]
[Time "14:05:03"]
[PlyCount "160"]
[White "SzubertEmma"]
[Black "KuhnMathilde"]
[WhiteElo "1232"]
[BlackElo "1764"]
[Mode "WEB"]
[Result "1-0"]

1. e4 c5 2. Nf3 d6 3. Bc4 Nf6 4. Nc3 a6 5. e5 dxe5 6. Nxe5 e6 7. a4 Qd4 8. Qe2
Bd6 9. Nf3 Qg4 10. O-O O-O 11. h3 Qh5 12. Ne4 Nxe4 13. Qxe4 Nc6 14. d4 cxd4 15.
Bd3 f5 16. Qe2 Qg6 17. Bc4 Kh8 18. Ng5 e5 19. Bd5 h6 20. Bxc6 bxc6 21. Nf3 Re8
22. Qc4 Bd7 23. Bd2 Rab8 24. b3 Ra8 25. Rfe1 c5 26. Qd5 e4 27. Nh4 Qe6 28. Qxe6
Bxe6 29. Ng6+ Kh7 30. Nf4 g5 31. Nxe6 Rxe6 32. Kf1 Rae8 33. Re2 f4 34. Rae1 e3
35. fxe3 fxe3 36. Bc1 Bh2 37. g4 Bg3 38. Rd1 Rf6+ 39. Kg1 Rf2 40. Rxf2 exf2+ 41.
Kg2 Re1 42. Rd3 f1=Q+ 43. Kxg3 Qg1+ 44. Kf3 Rf1+ 45. Ke4 Rxc1 46. Kd5 Qg2+ 47.
Kxc5 Rxc2+ 48. Kxd4 Qf2+ 49. Kd5 Rc5+ 50. Ke6 Qe2+ 51. Kd6 Qxd3+ 52. Kxc5 Kg6
53. Kb6 Kf6 54. Kc6 Ke6 55. Kb6 Kd6 56. Kb7 Qb5+ 57. axb5 axb5 58. b4 Kd5 59.
Kb6 Kc4 60. Ka5 Kd4 61. Kxb5 Ke4 62. Kc6 Kf3 63. b5 Kg3 64. b6 Kxh3 65. b7 Kxg4
66. b8=Q Kh3 67. Qh8 g4 68. Qxh6+ Kg2 69. Qe3 g3 70. Kd5 Kh1 71. Qe1+ Kh2 72.
Qe2+ g2 73. Ke4 Kh1 74. Qh5+ Kg1 75. Kf3 Kf1 76. Qb5+ Kg1 77. Qg5 Kf1 78. Qxg2+
Ke1 79. Ke3 Kd1 80. Qd2# {KuhnMathilde est échec et mat} 1-0

[Event "Tournament 14472 - Europe Echecs"]
[Site "Europe Echecs"]
[Date "2020.07.10"]
[Round "1"]
[Time "14:05:03"]
[PlyCount "74"]
[White "FloresVictor"]
[Black "ReynaudAntoine"]
[WhiteElo "1741"]
[BlackElo "1231"]
[Mode "WEB"]
[Result "1-0"]

1. e4 e5 2. Nf3 Nc6 3. Bb5 a6 4. Ba4 b5 5. Bb3 Nf6 6. O-O Bc5 7. d3 h6 8. a4 b4
9. Nbd2 d6 10. Nc4 Nd4 11. Nxd4 Bxd4 12. Be3 c5 13. Bd2 Be6 14. c3 bxc3 15. bxc3
Bxc3 16. Bxc3 d5 17. Nxe5 dxe4 18. Bxe6 fxe6 19. dxe4 Nxe4 20. Qh5+ Ke7 21. Nc6+
Kd7 22. Nxd8 Nxc3 23. Nf7 Rhf8 24. Ne5+ Ke7 25. Ng6+ Kd7 26. Nxf8+ Rxf8 27. Qxc5
Rc8 28. Qd4+ Ke8 29. Qxg7 h5 30. Rfe1 Rc6 31. Kf1 Kd8 32. Rac1 Rc7 33. Qh8+ Kd7
34. Rxc3 Rb7 35. Qg7+ Kd8 36. Qxb7 Ke8 37. Rc8# {ReynaudAntoine est échec et mat} 1-0

[Event "Tournament 14472 - Europe Echecs"]
[Site "Europe Echecs"]
[Date "2020.07.10"]
[Round "1"]
[Time "14:05:03"]
[PlyCount "61"]
[White "ManuelInes"]
[Black "CaptonRafael"]
[WhiteElo "1230"]
[BlackElo "1737"]
[Mode "WEB"]
[Result "0-1"]

1. e4 e5 2. c4 Nf6 3. Nc3 Bc5 4. Nf3 Nc6 5. Qe2 Ng4 6. d3 d6 7. h3 Nxf2 8. Rh2
Nb4 9. a3 Nbxd3+ 10. Kd2 f5 11. exf5 Bxf5 12. Nd5 Ne4+ 13. Kc2 Ng3 14. Bg5 Qd7
15. Qd2 Ne4 16. Qd1 Nxg5 17. Nxg5 Nf2+ 18. Bd3 Bxd3+ 19. Qxd3 Nxd3 20. Kxd3 c6
21. b4 Bd4 22. Rf1 cxd5 23. cxd5 Qb5+ 24. Ke4 Qxf1 25. Ne6 Qe2+ 26. Kf5 g6+ 27.
Kg5 Qe3+ 28. Kf6 Qf2+ 29. Kg7 e4+ 30. Kh6 Qh4# {ManuelInes est échec et mat} 0-1

[Event "Tournament 14472 - Europe Echecs"]
[Site "Europe Echecs"]
[Date "2020.07.10"]
[Round "1"]
[Time "14:05:03"]
[PlyCount "90"]
[White "LonckeMatthieu"]
[Black "SalvignolNatha"]
[WhiteElo "1726"]
[BlackElo "1209"]
[Mode "WEB"]
[Result "1-0"]

1. d4 d5 2. Bf4 Nf6 3. e3 e6 4. Nd2 c5 5. c3 Nc6 6. Ngf3 Be7 7. Bd3 O-O 8. h4 h6
9. Bb1 b6 10. O-O Bb7 11. Qc2 Qd7 12. Ne5 Nxe5 13. dxe5 Ne4 14. f3 Rfd8 15. fxe4
d4 16. exd4 cxd4 17. Qd3 Bc5 18. c4 Bc6 19. a3 b5 20. b4 bxc4 21. Nxc4 Bb6 22.
Nxb6 axb6 23. Rc1 Rac8 24. Ba2 Qb7 25. Re1 Qd7 26. Rac1 Kf8 27. Bg3 h5 28. Bb3
g6 29. Bf2 Bb5 30. Qd2 Rxc1 31. Rxc1 Rb8 32. Qxd4 Qxd4 33. Bxd4 Rd8 34. Bxb6 Rb8
35. Bc5+ Kg7 36. Bc4 Ba4 37. Rb1 Rc8 38. Bd3 Kh6 39. Kf2 Kg7 40. Ke3 Kg8 41. Bd4
Kf8 42. b5 Rb8 43. b6 Ke7 44. Bb5 Kd8 45. Bxa4 {SalvignolNatha a abandonné} 1-0

[Event "Tournament 14472 - Europe Echecs"]
[Site "Europe Echecs"]
[Date "2020.07.10"]
[Round "1"]
[Time "14:05:03"]
[PlyCount "57"]
[White "EkandeEthan"]
[Black "SureauCorentin"]
[WhiteElo "1200"]
[BlackElo "1686"]
[Mode "WEB"]
[Result "0-1"]

1. e4 c5 2. Nc3 g6 3. Bc4 e6 4. Nf3 Bg7 5. O-O Ne7 6. d4 cxd4 7. Nxd4 O-O 8. Nf3
Qc7 9. b3 Bxc3 10. Rb1 Bg7 11. Ba3 Nbc6 12. Be2 d5 13. Qd3 Rd8 14. Ng5 h6 15.
Nf3 Qf4 16. exd5 exd5 17. g3 Qf6 18. Bb2 Qd6 19. Bxg7 Kxg7 20. Qc3+ d4 21. Qd3
Bf5 22. Qd2 Rac8 23. Nh4 Bh3 24. Rfe1 Nf5 25. g4 Nxh4 26. Qd3 Bg2 27. a4 Ne5 28.
Qg3 g5 {EkandeEthan a perdu au temps} 0-1

[Event "Tournament 14472 - Europe Echecs"]
[Site "Europe Echecs"]
[Date "2020.07.10"]
[Round "1"]
[Time "14:05:03"]
[PlyCount "76"]
[White "DintronoNoe"]
[Black "BaylacAlison"]
[WhiteElo "1685"]
[BlackElo "1199"]
[Mode "WEB"]
[Result "1-0"]

1. e4 e5 2. Nc3 Nc6 3. f4 Nf6 4. Nf3 d6 5. Bc4 Be7 6. f5 O-O 7. d3 b6 8. O-O Bb7
9. Qe1 Qd7 10. Bg5 Nd4 11. Nxd4 exd4 12. Ne2 b5 13. Bb3 a5 14. a4 Bc6 15. axb5
Bxb5 16. Nxd4 Ba6 17. Ne6 fxe6 18. Bxe6+ Qxe6 19. fxe6 d5 20. e5 Bc5+ 21. Kh1
Ng4 22. Rxf8+ Rxf8 23. h3 Nf2+ 24. Kh2 Bc8 25. e7 Re8 26. Rxa5 h6 27. Rxc5 hxg5
28. Qxf2 Rxe7 29. d4 Rf7 30. Qxf7+ Kxf7 31. Rxc7+ Kg6 32. Rxc8 Kf5 33. c3 Ke4
34. Kg3 Kd3 35. Kg4 Kc2 36. Rb8 Kd3 37. e6 Ke2 38. e7 {BaylacAlison a abandonné} 1-0

[Event "Tournament 14472 - Europe Echecs"]
[Site "Europe Echecs"]
[Date "2020.07.10"]
[Round "1"]
[Time "14:05:03"]
[PlyCount "135"]
[White "BoucherAngel"]
[Black "BretonVadim"]
[WhiteElo "1199"]
[BlackElo "1669"]
[Mode "WEB"]
[Result "0-1"]

1. Nf3 Nf6 2. Nc3 d5 3. d3 c5 4. e4 dxe4 5. dxe4 Qxd1+ 6. Kxd1 Nc6 7. Nd5 Nxd5
8. exd5 Nb4 9. Bb5+ Bd7 10. Bxd7+ Kxd7 11. Ne5+ Ke8 12. c4 Rd8 13. a3 Na6 14. b4
cxb4 15. axb4 Nxb4 16. Rxa7 Nxd5 17. Rxb7 f6 18. Nc6 Rd6 19. Rb8+ Kd7 20. Ba3
Rxc6 21. cxd5 Ra6 22. Bc1 e5 23. dxe6+ Kxe6 24. Re1+ Kf7 25. Rb7+ Kg6 26. h4 h5
27. Rb8 Rd6+ 28. Bd2 Rd7 29. Ree8 Kf7 30. Kc2 Rxd2+ 31. Kxd2 Bb4+ 32. Rxb4 Rxe8
33. Rb7+ Kg6 34. Kd3 Kf5 35. Rxg7 Kf4 36. g3+ Kf3 37. Rf7 Rd8+ 38. Kc4 Kxf2 39.
Rxf6+ Kxg3 40. Rg6+ Kxh4 41. Kc3 Kh3 42. Kc4 h4 43. Kc5 Kh2 44. Kc6 h3 45. Kc7
Rd2 46. Kc6 Kh1 47. Kc5 Rg2 48. Rh6 h2 49. Kd4 Kg1 50. Re6 h1=Q 51. Re1+ Kh2 52.
Rxh1+ Kxh1 53. Ke3 Kg1 54. Kf3 Kf1 55. Ke3 Rh2 56. Kf3 Rh3+ 57. Kg4 Ra3 58. Kf4
Ke2 59. Kg4 Kf2 60. Kh4 Rg3 61. Kh5 Rg1 62. Kh4 Kf3 63. Kh5 Kf4 64. Kh6 Kf5 65.
Kh7 Kf6 66. Kh8 Kf7 67. Kh7 Rh1# {BoucherAngel est échec et mat} 0-1

[Event "Tournament 14472 - Europe Echecs"]
[Site "Europe Echecs"]
[Date "2020.07.10"]
[Round "1"]
[Time "14:05:03"]
[PlyCount "72"]
[White "VerhilleGabin"]
[Black "DeMendoncaLeo"]
[WhiteElo "1660"]
[BlackElo "1199"]
[Mode "WEB"]
[Result "1-0"]

1. e4 e6 2. d4 f5 3. e5 d5 4. Ne2 c6 5. Nf4 Nh6 6. Nxe6 Bxe6 7. Bd3 Ng4 8. h3
Bb4+ 9. c3 c5 10. cxb4 cxb4 11. hxg4 fxg4 12. Bd2 O-O 13. Bxb4 Re8 14. Nc3 Nc6
15. Bd6 Nxd4 16. Bxh7+ Kf7 17. Qxd4 Rh8 18. Qf4+ Ke8 19. Bg6+ Kd7 20. Rxh8 Qxh8
21. Ke2 Qc8 22. Bf5 Bxf5 23. Qxf5+ Kc6 24. Qxc8+ Rxc8 25. Rc1 Re8 26. Na4+ Kd7
27. Rc7+ Ke6 28. Re7+ Rxe7 29. Bxe7 Kxe7 30. Ke3 Ke6 31. Kd4 a6 32. Nc5+ Kf5 33.
Kxd5 Kf4 34. e6 Kf5 35. e7 Kf6 36. e8=Q {DeMendoncaLeo a abandonné} 1-0

[Event "Tournament 14472 - Europe Echecs"]
[Site "Europe Echecs"]
[Date "2020.07.10"]
[Round "1"]
[Time "14:05:03"]
[PlyCount "91"]
[White "ElimortJessene"]
[Black "AtliCeline"]
[WhiteElo "1199"]
[BlackElo "1640"]
[Mode "WEB"]
[Result "0-1"]

1. e4 c5 2. Nf3 Nc6 3. c3 g6 4. d4 cxd4 5. cxd4 Bg7 6. d5 Ne5 7. Nxe5 Bxe5 8. g3
Bg7 9. f4 d6 10. e5 dxe5 11. fxe5 Bxe5 12. d6 Qxd6 13. Qxd6 Bxd6 14. Bd3 Nf6 15.
Nc3 Bd7 16. Bg5 Be5 17. Nd1 Bc6 18. O-O Bd4+ 19. Ne3 Ng4 20. Rae1 Nxe3 21. Bxe3
Bxb2 22. Bc5 e6 23. h4 b6 24. Bd6 Rd8 25. Be5 Bxe5 26. Rxe5 Rxd3 27. Kh2 O-O 28.
Rc1 Bd5 29. Kh3 Rd8 30. h5 h6 31. hxg6 fxg6 32. Rc7 Bxa2 33. Rxa7 Bc4 34. Kh4
R3d4+ 35. g4 R4d7 36. Ra4 b5 37. Ra5 Rd1 38. g5 R8d4+ 39. Kg3 R1d3+ 40. Kf2 Rf4+
41. Ke1 hxg5 42. Ra8+ Rf8 43. Rxf8+ Kxf8 44. Rxg5 Kf7 45. Rg3 Rxg3 {ElimortJessene a abandonné} 0-1

[Event "Tournament 14472 - Europe Echecs"]
[Site "Europe Echecs"]
[Date "2020.07.10"]
[Round "1"]
[Time "14:05:03"]
[PlyCount "53"]
[White "GrimaultLeane"]
[Black "GavilaQuentin"]
[WhiteElo "1622"]
[BlackElo "1199"]
[Mode "WEB"]
[Result "0-1"]

1. c4 Nf6 2. Nc3 e6 3. e4 Bb4 4. e5 Ng8 5. Nf3 f6 6. d4 Nc6 7. d5 Nxe5 8. Nxe5
fxe5 9. Qh5+ g6 10. Qxe5 Nf6 11. Bg5 O-O 12. Be2 d6 13. Qe3 e5 14. O-O Bf5 15.
Bd3 Bc5 16. Qd2 Qd7 17. Bh6 Rf7 18. Bxf5 Qxf5 19. a3 a6 20. b4 Ba7 21. Rac1 Ng4
22. Bg5 Nxf2 23. Be3 Bxe3 24. Qxe3 Raf8 25. Rc2 Nh3+ 26. gxh3 Qxf1# {GrimaultLeane est échec et mat} 0-1

[Event "Tournament 14472 - Europe Echecs"]
[Site "Europe Echecs"]
[Date "2020.07.10"]
[Round "1"]
[Time "14:05:03"]
[PlyCount "65"]
[White "JannotClement"]
[Black "LaposteNicolas"]
[WhiteElo "1199"]
[BlackElo "1616"]
[Mode "WEB"]
[Result "0-1"]

1. e4 e5 2. d3 Nc6 3. Nc3 Bc5 4. Be3 Bb6 5. Bxb6 axb6 6. b3 d6 7. Nf3 Bg4 8. Be2
Nge7 9. Nh4 Bxe2 10. Qxe2 Nd4 11. Qg4 Ng6 12. Rc1 Qxh4 13. Qxh4 Nxh4 14. g3
Nhf3+ 15. Kf1 O-O 16. Ne2 Nxe2 17. Kxe2 Ng5 18. f4 exf4 19. gxf4 Ne6 20. f5 Nc5
21. Rhg1 Rxa2 22. f6 g6 23. d4 Nxb3 24. Rb1 Nxd4+ 25. Kd3 Ne6 26. Kc3 Re8 27.
Kb3 Ra5 28. Rge1 Nc5+ 29. Kc3 Nxe4+ 30. Kd3 Rae5 31. Rb4 Nc5+ 32. Kc3 Rxe1 {JannotClement a abandonné} 0-1

[Event "Tournament 14472 - Europe Echecs"]
[Site "Europe Echecs"]
[Date "2020.07.10"]
[Round "1"]
[Time "14:05:03"]
[PlyCount "101"]
[White "TuillierValent"]
[Black "LeonardyBatist"]
[WhiteElo "1607"]
[BlackElo "1177"]
[Mode "WEB"]
[Result "0-1"]

1. e4 c5 2. Nf3 d6 3. d4 cxd4 4. Nxd4 Nf6 5. Nc3 a6 6. Bg5 e6 7. Bd3 Be7 8. O-O
O-O 9. Nde2 Nxe4 10. Bxe7 Nxc3 11. Bxd8 Nxd1 12. Be7 Re8 13. Bxd6 Nxb2 14. Be4
Nc4 15. Bf4 e5 16. Be3 Nxe3 17. fxe3 Nd7 18. Bd5 Nf6 19. Bf3 e4 20. Nd4 exf3 21.
Rxf3 Be6 22. a4 Bd5 23. Rg3 Be4 24. Rf1 Bg6 25. Rb1 Re7 26. Rb6 Rae8 27. Rb3 Nd5
28. Kf2 Rc8 29. Rb2 Nc3 30. Ke1 Nxa4 31. Ra2 Nb6 32. h4 h5 33. Rf3 Nd5 34. Kd2
Nb4 35. Rb2 Nc6 36. c3 Ne5 37. Rf1 Nc4+ 38. Kc1 Nxb2 39. Kxb2 Rxe3 40. Rc1 Rg3
41. Kb3 Rxg2 42. Nf3 Rg4 43. Rh1 Be4 44. Rf1 Bxf3 45. Rxf3 Rxh4 46. Re3 Rg4 47.
Rh3 h4 48. Kc2 g5 49. Kd2 Rg3 50. Rh1 Rcxc3 {TuillierValent a abandonné} 0-1

[Event "Tournament 14472 - Europe Echecs"]
[Site "Europe Echecs"]
[Date "2020.07.10"]
[Round "1"]
[Time "14:05:03"]
[PlyCount "167"]
[White "LedouxCamille"]
[Black "ChardonHeremoa"]
[WhiteElo "1165"]
[BlackElo "1600"]
[Mode "WEB"]
[Result "0-1"]

1. d4 d5 2. Nf3 Nf6 3. e3 c6 4. Bd3 Bg4 5. Nbd2 e6 6. h3 Bh5 7. O-O Bd6 8. Qe1
Bg6 9. e4 dxe4 10. Nxe4 Nxe4 11. Bxe4 Bxe4 12. Qxe4 h6 13. b3 Nd7 14. Bb2 Nf6
15. Qe1 Qc7 16. c4 O-O-O 17. Ne5 Bxe5 18. dxe5 Ng8 19. Rd1 Ne7 20. Bd4 Nf5 21.
Qe4 Nxd4 22. Rxd4 Rxd4 23. Qxd4 c5 24. Qf4 Rd8 25. Re1 Rd4 26. Qg3 g6 27. f3 Qa5
28. Qf2 Rd2 29. Re2 Rd1+ 30. Kh2 Rd4 31. Re4 Rd2 32. Re2 Rd4 33. g4 Qc7 34. Qg3
Rd7 35. f4 Rd8 36. Rf2 Rd1 37. f5 exf5 38. gxf5 g5 39. Re2 Rd8 40. e6 Qxg3+ 41.
Kxg3 fxe6 42. Rxe6 Rf8 43. f6 Kd7 44. Re7+ Kc6 45. f7 Kd6 46. Re8 Rxf7 47. Rd8+
Kc6 48. Rc8+ Kd7 49. Ra8 a6 50. Rh8 Rf6 51. Rh7+ Kc6 52. Re7 Rd6 53. Re4 Rd2 54.
h4 gxh4+ 55. Rxh4 Rxa2 56. Rxh6+ Kc7 57. Rh7+ Kb6 58. Rh6+ Ka5 59. Kf4 Rb2 60.
Rh3 Kb4 61. Ke5 Rxb3 62. Rxb3+ Kxb3 63. Kd5 Kb4 64. Kd6 a5 65. Kc7 a4 66. Kxb7
a3 67. Kb6 a2 68. Kc6 a1=Q 69. Kd5 Qd4+ 70. Kc6 Kxc4 71. Kb6 Qd6+ 72. Ka5 Kd4
73. Kb5 c4 74. Ka4 c3 75. Kb3 c2 76. Kxc2 Qb4 77. Kd1 Qb2 78. Ke1 Qc2 79. Kf1
Qd2 80. Kg1 Qe2 81. Kh1 Ke4 82. Kg1 Kf3 83. Kh1 Qg2# {LedouxCamille est échec et mat} 0-1

[Event "Tournament 14472 - Europe Echecs"]
[Site "Europe Echecs"]
[Date "2020.07.10"]
[Round "1"]
[Time "14:05:03"]
[PlyCount "77"]
[White "GrallKaelan"]
[Black "BorissovVictor"]
[WhiteElo "1577"]
[BlackElo "1162"]
[Mode "WEB"]
[Result "0-1"]

1. d4 Nf6 2. Bf4 g6 3. e3 Bg7 4. Nf3 O-O 5. c4 d6 6. Nc3 c5 7. Bd3 cxd4 8. exd4
Nc6 9. a3 Bg4 10. Be2 Bxf3 11. Bxf3 Qb6 12. d5 Nb8 13. Na4 Qd8 14. Qd2 Re8 15.
Bh6 Bh8 16. h4 Nbd7 17. h5 Ne5 18. hxg6 fxg6 19. Nc3 Nxc4 20. Qg5 Nxb2 21. Ne4
Qa5+ 22. Kf1 Nd3 23. g3 Ne5 24. Kg2 Nxf3 25. Kxf3 Nxe4 26. Kxe4 Qa4+ 27. Kf3
Bxa1 28. Kg2 Qe4+ 29. f3 Qe2+ 30. Kh3 Qxf3 31. Qg4 Qxg4+ 32. Kxg4 Bg7 33. Bg5 e6
34. Rb1 b6 35. dxe6 Rxe6 36. Rc1 h6 37. Bf4 Re4 38. Rc6 g5 {GrallKaelan a perdu au temps} 0-1

[Event "Tournament 14472 - Europe Echecs"]
[Site "Europe Echecs"]
[Date "2020.07.10"]
[Round "1"]
[Time "14:05:03"]
[PlyCount "81"]
[White "DennebouyAlexa"]
[Black "RobichonPierre"]
[WhiteElo "1160"]
[BlackElo "1573"]
[Mode "WEB"]
[Result "0-1"]

1. e4 c5 2. Nc3 a6 3. Nf3 g6 4. Bc4 b5 5. Be2 Bb7 6. d3 Bg7 7. Nb1 Nf6 8. Nbd2
O-O 9. O-O d6 10. b3 Nfd7 11. Rb1 Nc6 12. Bb2 e5 13. a3 Nd4 14. c3 Nxe2+ 15.
Qxe2 f5 16. Ba1 f4 17. c4 g5 18. Ne1 Nf6 19. a4 b4 20. h3 h5 21. Ndf3 g4 22. Ng5
Bc8 23. Nc2 Qe8 24. f3 Qg6 25. h4 Nh7 26. Nxh7 Kxh7 27. d4 exd4 28. a5 Bf6 29.
Qf2 g3 30. Qd2 Bxh4 31. Bxd4 cxd4 32. Nxd4 Bf6 33. Rfd1 Be5 34. Qxb4 h4 35. Nc6
h3 36. Ne7 Qh6 37. Nxc8 Raxc8 38. c5 hxg2 39. Kxg2 Qh2+ 40. Kf1 Qf2# {DennebouyAlexa est échec et mat} 0-1

[Event "Tournament 14472 - Europe Echecs"]
[Site "Europe Echecs"]
[Date "2020.07.10"]
[Round "1"]
[Time "14:05:03"]
[PlyCount "44"]
[White "BietteAntonin"]
[Black "GuillotYoann"]
[WhiteElo "1569"]
[BlackElo "1157"]
[Mode "WEB"]
[Result "1-0"]

1. e4 Nf6 2. e5 Nd5 3. d4 d6 4. Nf3 Nc6 5. Bb5 Bg4 6. Nbd2 a6 7. Bxc6+ bxc6 8.
c4 Nf4 9. O-O g6 10. h3 Bd7 11. Ne4 Qc8 12. Bxf4 Bxh3 13. gxh3 Qxh3 14. Bg3 h5
15. Nfg5 Qd7 16. Qf3 O-O-O 17. Nxf7 h4 18. Nxh8 hxg3 19. Nxg3 Bg7 20. Nxg6 Qe6
21. Qf5 Qxf5 22. Nxf5 {GuillotYoann a abandonné} 1-0

[Event "Tournament 14472 - Europe Echecs"]
[Site "Europe Echecs"]
[Date "2020.07.10"]
[Round "1"]
[Time "14:05:03"]
[PlyCount "140"]
[White "ChofardetPierr"]
[Black "DosSantosLilia"]
[WhiteElo "1145"]
[BlackElo "1527"]
[Mode "WEB"]
[Result "0-1"]

1. e4 c5 2. Nf3 d6 3. Nc3 Nc6 4. Bb5 g6 5. O-O Bg7 6. d3 e6 7. Bd2 Nge7 8. h3
O-O 9. a3 a6 10. Bc4 b5 11. Bb3 Bb7 12. a4 b4 13. Ne2 Bxb2 14. Rb1 Bg7 15. Ng3
Nd4 16. Nxd4 Bxd4 17. Qe1 Qc7 18. c3 bxc3 19. Bxc3 Nc6 20. Bxd4 Nxd4 21. Bc4 Bc6
22. Qd1 Rfb8 23. Rxb8+ Qxb8 24. a5 Qb4 25. Qa1 Qa4 26. Qxa4 Bxa4 27. Rb1 Bb5 28.
Kf1 Kf8 29. Ne2 Bxc4 30. dxc4 Nc6 31. Rb6 Nxa5 32. Rxd6 Nxc4 33. Rc6 Nd2+ 34.
Ke1 Nxe4 35. f3 Nf6 36. Rxc5 Ke7 37. Ra5 Nd7 38. Nc3 Rc8 39. Ne4 Rc6 40. Ng5 h5
41. h4 f6 42. Ne4 Ne5 43. Kf2 Nc4 44. Ra1 a5 45. Rc1 Ne5 46. Ra1 Ra6 47. Nc5 Ra7
48. Na4 Nd3+ 49. Kg1 Nb4 50. Nb6 Ra6 51. Nc4 a4 52. Na3 e5 53. g3 Ke6 54. Kg2
Rd6 55. Nc4 Rc6 56. Ne3 Nc2 57. Nxc2 Rxc2+ 58. Kh3 Rc4 59. Kg2 Kd5 60. Rd1+ Kc5
61. Ra1 Kb4 62. Rb1+ Kc3 63. Rc1+ Kb3 64. Rb1+ Kc2 65. Rf1 a3 66. Rf2+ Kb3 67.
Kf1 Rc1+ 68. Kg2 Rc2 69. Rxc2 Kxc2 70. Kf1 {ChofardetPierr a abandonné} 0-1

[Event "Tournament 14472 - Europe Echecs"]
[Site "Europe Echecs"]
[Date "2020.07.10"]
[Round "1"]
[Time "14:05:03"]
[PlyCount "50"]
[White "RenaudinAxelle"]
[Black "BerezovskyJona"]
[WhiteElo "1526"]
[BlackElo "1130"]
[Mode "WEB"]
[Result "1-0"]

1. Nf3 d5 2. c4 dxc4 3. e3 e6 4. Bxc4 Nc6 5. b3 Nf6 6. Bb2 Be7 7. O-O O-O 8. d4
b6 9. Nc3 Bb7 10. Rc1 Re8 11. Bb5 a6 12. Bd3 Bf8 13. Ne2 Nb4 14. Nf4 Nxd3 15.
Nxd3 Rc8 16. Re1 Be4 17. Nde5 Bxf3 18. Qxf3 Qd5 19. e4 Qd6 20. Rc6 Qd8 21. Rec1
Bd6 22. Nc4 Be7 23. Nxb6 Nd7 24. Nxc8 Qxc8 25. Rxc7 {BerezovskyJona a abandonné} 1-0

[Event "Tournament 14472 - Europe Echecs"]
[Site "Europe Echecs"]
[Date "2020.07.10"]
[Round "1"]
[Time "14:05:03"]
[PlyCount "95"]
[White "SwietlikAlexan"]
[Black "GuignardJonath"]
[WhiteElo "1130"]
[BlackElo "1523"]
[Mode "WEB"]
[Result "0-1"]

1. e4 e5 2. Nf3 Nc6 3. Nc3 Nf6 4. d4 exd4 5. Nxd4 Bb4 6. Bd2 Nxd4 7. a3 Be7 8.
Bd3 d6 9. O-O O-O 10. Be3 Nc6 11. Bb5 Bd7 12. Nd5 Nxd5 13. exd5 Ne5 14. c4 Bxb5
15. cxb5 Bg5 16. f4 Bh6 17. Qd4 Nd7 18. Rac1 Rc8 19. Rc3 g6 20. Qa4 Bg7 21. Rc2
Re8 22. Bxa7 b6 23. Rfc1 Nc5 24. Qb4 Nd3 25. Qd2 Nxc1 26. Qxc1 Bd4+ 27. Kf1 Be3
28. Qe1 Bxf4 29. Re2 Rxe2 30. Qxe2 Ra8 31. Qf3 Be5 32. Qe4 Qf6+ 33. Ke2 Rxa7 34.
Kd3 Qf5 35. Ke3 Qxe4+ 36. Kxe4 Ra4+ 37. Kd3 Bxb2 38. Kc2 Bxa3 39. Kb3 Ra8 40. g3
Bc5 41. Kc4 Ra4+ 42. Kb3 Rb4+ 43. Kc3 Rxb5 44. Kc4 Rb4+ 45. Kc3 f5 46. h4 Kf7
47. Kd3 Rd4+ {SwietlikAlexan a perdu au temps} 0-1

[Event "Tournament 14472 - Europe Echecs"]
[Site "Europe Echecs"]
[Date "2020.07.10"]
[Round "1"]
[Time "14:05:03"]
[PlyCount "90"]
[White "BrunThomas"]
[Black "ClairMathieu"]
[WhiteElo "1511"]
[BlackElo "1125"]
[Mode "WEB"]
[Result "1-0"]

1. e4 e6 2. d4 d5 3. exd5 exd5 4. Nc3 Nf6 5. Bg5 Be7 6. Qf3 Be6 7. h3 Nc6 8. Bb5
Qd7 9. Nge2 a6 10. Ba4 h6 11. Bh4 g5 12. Bg3 Bf5 13. Be5 b5 14. Nxb5 axb5 15.
Bxb5 O-O 16. Qc3 Bb4 17. Qxb4 Nxb4 18. Bxd7 Nxc2+ 19. Kd2 Nxa1 20. Bxf5 Rxa2 21.
Bxf6 Rb8 22. Rb1 Kf8 23. Nc3 Raxb2+ 24. Ke3 Rxb1 25. Nxb1 Rxb1 26. Bxb1 Nb3 27.
Bd8 c6 28. Bc2 Nc1 29. Ba5 Ke7 30. Kd2 Na2 31. Bb3 f5 32. Bxa2 Ke6 33. Kd3 f4
34. Bb3 Kf5 35. Ba4 Ke6 36. Bxc6 h5 37. Bd8 Kd6 38. Be8 Ke6 39. Bxg5 Kf5 40.
Bxf4 Kxf4 41. Bxh5 Kg5 42. Bf3 Kf4 43. h4 Kf5 44. h5 Kg5 45. Bxd5 {ClairMathieu a abandonné} 1-0

[Event "Tournament 14472 - Europe Echecs"]
[Site "Europe Echecs"]
[Date "2020.07.10"]
[Round "1"]
[Time "14:05:03"]
[PlyCount "101"]
[White "CastetsAntoine"]
[Black "FondratJohan"]
[WhiteElo "1120"]
[BlackElo "1509"]
[Mode "WEB"]
[Result "0-1"]

1. e4 c5 2. Nf3 Nc6 3. Bb5 g6 4. O-O d6 5. Re1 Bg7 6. Nc3 Bd7 7. d4 cxd4 8. Bxc6
bxc6 9. Nxd4 Nf6 10. Bg5 O-O 11. Qf3 Rb8 12. Rab1 Qc7 13. h3 Rb4 14. Bxf6 Bxf6
15. Nde2 Rfb8 16. b3 Bg7 17. Rbd1 Qa5 18. Ra1 R4b7 19. Kh1 c5 20. Reb1 Bc6 21.
Kg1 f5 22. Qe3 Bxe4 23. Nxe4 Bxa1 24. Rxa1 fxe4 25. Qxe4 Qd2 26. Rf1 Qg5 27. Kh1
Qf6 28. Qc4+ Kh8 29. Qf4 Qxf4 30. Nxf4 Rf8 31. Ne2 Rb4 32. Re1 Rxf2 33. Ng3 Rf7
34. Kg1 c4 35. Re4 d5 36. bxc4 dxe4 37. Nxe4 Rxc4 38. Nd2 Rxc2 39. Ne4 Rxa2 40.
Nc3 Ra1+ 41. Kh2 e5 42. Nd1 Rxd1 43. g4 e4 44. g5 e3 45. h4 e2 46. h5 e1=Q 47.
hxg6 hxg6 48. Kg2 Qf1+ 49. Kg3 Rd3+ 50. Kg4 Qh3# {CastetsAntoine est échec et mat} 0-1

[Event "Tournament 14472 - Europe Echecs"]
[Site "Europe Echecs"]
[Date "2020.07.10"]
[Round "1"]
[Time "14:05:03"]
[PlyCount "78"]
[White "DelageJonas"]
[Black "ChareyreSylvai"]
[WhiteElo "1491"]
[BlackElo "1081"]
[Mode "WEB"]
[Result "1-0"]

1. d4 d5 2. c4 e5 3. dxe5 d4 4. Nf3 Nc6 5. Bg5 Be7 6. Bxe7 Ngxe7 7. g3 Ng6 8.
Bg2 Be6 9. Nbd2 Qd7 10. O-O O-O-O 11. Qa4 h5 12. b4 Kb8 13. Ne4 h4 14. Nc5 Qe7
15. Nxe6 Qxe6 16. b5 Ncxe5 17. Nxe5 Nxe5 18. c5 hxg3 19. hxg3 Qh6 20. Rfc1 Ng4
21. c6 Qg5 22. Qc4 Ne3 23. fxe3 Qxe3+ 24. Kf1 Rd6 25. Qd3 Rf6+ 26. Bf3 Rh1+ 27.
Kg2 Rh2+ 28. Kxh2 Qf2+ 29. Kh3 Rh6+ 30. Kg4 Rg6+ 31. Qxg6 fxg6 32. cxb7 Qe3 33.
Rc6 Qe5 34. Kh3 d3 35. Rd1 Qf5+ 36. g4 Qg5 37. Rxd3 Qh6+ 38. Kg3 Qh7 39. Rxg6 {ChareyreSylvai a abandonné} 1-0